| 000 | 00920cam a2200253 a 4500 | ||
|---|---|---|---|
| 999 |
_c9263 _d9263 |
||
| 001 | 4015358 | ||
| 003 | OSt | ||
| 005 | 20210111152318.0 | ||
| 008 | 970311s1997 miua b 000 0 eng | ||
| 010 | _a 97011010 | ||
| 020 | _a0801090393 (pbk.) | ||
| 040 |
_aDLC _cDLC _dDLC |
||
| 050 | 0 | 0 |
_aBV600.2 _b.W496 1997 |
| 082 | 0 | 0 |
_a262/.001/7 _221 |
| 100 | 1 |
_aWhite, James Emery, _d1961- |
|
| 245 | 1 | 0 |
_aRethinking the church : _ba challenge to creative redesign in an age of transition / _cJames Emery White foreword by Leighton Ford. |
| 260 |
_aGrand Rapids, Mich. : _bBaker Books, _cc1997. |
||
| 300 |
_a142 p. : _bill. ; _c22 cm. |
||
| 504 | _aIncludes bibliographical references (p. 141-142). | ||
| 650 | 0 | _aChurch renewal. | |
| 906 |
_a7 _bcbc _corignew _d1 _eocip _f19 _gy-gencatlg |
||
| 942 |
_2ddc _cBK |
||